| 000 | 01602 a2200205 4500 | ||
|---|---|---|---|
| 001 | 3874 | ||
| 005 | 20260407155431.0 | ||
| 008 | 260407a1972 arg spa d | ||
| 003 | AR-UNSa-BCEJYS | ||
| 040 |
_aAR-UNSa-BCEJYS _bspa _cAR-UNSa-BCEJYS |
||
| 080 |
_a347.65 _xDerecho de sucesiones. Derecho hereditario |
||
| 245 | 1 | 0 | _aManual práctico de sucesiones |
| 264 | 1 |
_aBuenos Aires : _bAbeledo Perrot _c1972 |
|
| 300 |
_a2 v. _c23 cm. |
||
| 505 | _aVol. I: 1. El trámite procesal - 2. Medidas conservatorias de la sucesión - 3. Inventario y avalúo de la sucesión - 4. Fuero de atracción - 5. Herederos - 6. Derecho de representación - 7. Incapacidad para suceder - 8. Aceptación de la herencia - 9. Renuncia a la herencia - 10. Separación de patrimonios - 11. Cesión de derechos hereditarios - 12. Concurso de la sucesión - 13. Declaratoria de herederos - 14. La partición o división de la herencia - 15. Liquidación del impuesto a la herencia -- Vol. II: 16. Apertura del sucesorio - 17. Colación - 18. Administradores y peritos - 19. Venta de bienes y sus incidencias - 20. Clasificación de trabajos y estimación de honorarios - 21. El trámite sucesorio en la Provincia de Buenos Aires - 22. Variación de escritos en juicios sucesorios - 23. Generalidades - 24. Normas nacionales referentes al sucesorio - 25. Disposiciones sucesorias en la Provincia de Buenos Aires - 26. Bibliografía - 27. Plenarios de la Cámara Nacional en lo Civil de la capital en materia sucesoria | ||
| 041 | _aspa | ||
| 942 | _cBK | ||
| 590 | _aniveau_biblio:m niveau_hierar:0 | ||
| 100 | 1 | _aJöld, Carlos | |
| 999 |
_c383 _d383 |
||